000
00289nam a2200121Ia 4500
008
190216s9999||||xx |||||||||||||| ||und||
100
_a
Gerald M Meser&Amp;Robbert E
245
0
_a
Economic Development
260
_b
S Chand & Co
_c
1970
300
_a
586p
650
_a
Commerce
942
_c
BK
999
_c
3923
_d
3923